00770nam a2200205 a 4500003000700000005001700007008004100024040003300065041000800098050002200106110006400128245015400192260003900346300003400385336002800419337003000447338002700477500001700504650004300521CBULib20231121095438.0121214s2012 ||||||||||||||||| || u aCBULibbEnglishcCBULiberda aeng aUNCTAD(02)2012/12 aUnited Nations Conference on Trade and Development (UNCTAD)10aHarmonizing cyberlaws and regulations: the experience of the east African communityc/ by United Nations Conference on Trade and Development (UNCTAD) aGeneva :bUnited Nations, c2012.  avi, 58 pages : illustrations  2rdacontentaText |btxt 2rdamediaaUnmediated |bn 2rdacarrieraVolumebnc aBibliography aCYBERLAWS AND REGULATIONS--EAST AFRICA